Key accounting principles. / (Record no. 5939)

MARC details
000 -LEADER
fixed length control field 00808nam a22001577a 4500
008 - FIXED-LENGTH DATA ELEMENTS--GENERAL INFORMATION
fixed length control field 160517b xxu||||| |||| 00| 0 eng d
020 ## - INTERNATIONAL STANDARD BOOK NUMBER
International Standard Book Number 9780973305180
050 ## - LIBRARY OF CONGRESS CALL NUMBER
Classification number HF5635.J64 (vol.1)
100 ## - MAIN ENTRY--PERSONAL NAME
Personal name Joffe, Neville
245 ## - TITLE STATEMENT
Title Key accounting principles. /
Statement of responsibility, etc. Neville Joffe
260 ## - PUBLICATION, DISTRIBUTION, ETC.
Place of publication, distribution, etc. Toronto:
Name of publisher, distributor, etc. AME Learning:
Date of publication, distribution, etc. c2008.
300 ## - PHYSICAL DESCRIPTION
Extent xvi,498p.:
Other physical details ill.;
500 ## - GENERAL NOTE
General note Includes appendix and glossary
505 ## - FORMATTED CONTENTS NOTE
Formatted contents note Contents: Personal accounting-part 1 -- Personal accounting-part 2 -- Linking personal to business -- Bookkeeping -- Accounting in business -- Setting up a merchandise company -- Operating a company-revenue -- Operating a company-expenses -- The cash flow statement -- Financial analysis -- Additional material -- Additional material continued -- IFRS -- Appendix -- Glossary
942 ## - ADDED ENTRY ELEMENTS (KOHA)
Source of classification or shelving scheme Library of Congress Classification
Koha item type Books
Holdings
Withdrawn status Lost status Source of classification or shelving scheme Damaged status Not for loan Home library Current library Shelving location Date acquired Total Checkouts Full call number Barcode Date last seen Copy number Price effective from Koha item type
    Library of Congress Classification     WISCONSIN INTERNATIONAL UNIVERSITY COLLEGE, GHANA - MAIN LIBRARY WISCONSIN INTERNATIONAL UNIVERSITY COLLEGE, GHANA - MAIN LIBRARY Reference 17/05/2016   HF5635.J64 8083/045/16 17/05/2016 1 17/05/2016 Books

If you have any concerns or questions; kindly contact the library


© Powered by WIUC ICT DIRECTORATE